000
00348 a2200169 4500
001
194690
020
_a
978-85-08-04654-6
040
_c
Magnum
100
_a
Wood, Audrey
240
1
0
_a
A bruxa salomé
_l
por
245
1
0
_a
A bruxa salomé
300
_a
32
362
0
_a
1999
440
1
_a
Ática
697
_a
LITERATURA INFANTO
942
_c
BK
999
_c
194690
_d
194690